header

Using the lamp instead of looking into the mirror (Record no. 2172)

MARC details
000 -LEADER
fixed length control field 01617nam a2200349 a 4500
082 04 - DEWEY DECIMAL CLASSIFICATION NUMBER
Classification number 306.361509485
100 1# - MAIN ENTRY--AUTHOR NAME
Personal name Beinum, Ingrid Ljungberg van.
245 10 - TITLE STATEMENT
Title Using the lamp instead of looking into the mirror
260 ## - PUBLICATION, DISTRIBUTION, ETC. (IMPRINT)
Place of publication Amsterdam ;
-- [Great Britain] :
Name of publisher John Benjamins Pub. Co,
Year of publication c2000.
300 ## - PHYSICAL DESCRIPTION
Number of Pages xviii, 186 p.
490 1# - SERIES STATEMENT
Series statement Dialogues on work and innovation,
650 #0 - SUBJECT ADDED ENTRY--TOPICAL TERM
Topical Term Sex discrimination in employment
Topical Term Sex role in the work environment
Topical Term Sex discrimination against women
Topical Term Man-woman relationships
856 40 - ELECTRONIC LOCATION AND ACCESS
Uniform Resource Identifier http://site.ebrary.com/lib/rucke/Doc?id=5000174

No items available.

© 2026 Rongo University
Contact us: librarian | system librarian | Rongo university